Trudne flagi dla prosów geografii - Statystyki

Ogólne statystyki
  • Ten quiz został rozwiązany 492 razy
  • Średni wynik to 12 z 24
Statystyki odpowiedzi
Obrazkowy Odpowiedź % Poprawnych
Komory
87%
Portoryko
83%
Aruba
76%
Makau
76%
Wyspy Alandzkie
67%
Jersey
66%
Bermudy
63%
Samoa Amerykańskie
63%
Wyspy Cooka
61%
Sahara Zachodnia
57%
Tybet
57%
Abchazja
50%
Somaliland
50%
Kurdystan
47%
Alaska
43%
Górski Karabach
43%
Martynika
42%
Pitcairn
36%
Krym
34%
Osetia Południowa
33%
Kajmany
29%
Madera
20%
Tatarstan
16%
Antyle Holenderskie
12%
Nie znaleziono quizów pasujących do podanych kryteriów
Rozkład punktacji
Procent ludzi z każdym wynikiem
Percentyl według liczby udzielonych odpowiedzi
Twoja historia wyników
Nie rozwiązałeś tego quizu